000 00782nam a2200253 a 4500
001 19715
003 BD-RjUL
005 20211209000452.0
008 140225s1952 enkah 001 p eng d
035 _a(BD-RjUL)19776
040 _aCURL
_beng
_cCURL
_dBD-RjUL
041 _aeng
082 _a821.5
_218
_bSTO 1952
100 1 _aSteele, Richard,
_d1672-1729.
_960223
245 1 4 _aThe occasional verse of Richard Steele /
_cedited by Rae Blanchard.
246 1 8 _aSteele's occasional verse
260 _aOxford :
_bClarendon Press,
_c1952.
300 _axxiv, 137 p. :
_bill., facsims. ;
_c23 cm.
500 _aSpine title: Steele's occasional verse.
504 _aIncludes index.
650 _aEnglish Poetry
_960574
700 1 _aBlanchard, Rae.
_960575
942 _2ddc
_cBK
999 _c19715
_d19715